| 000 | 00855nam a22001577a 4500 | ||
|---|---|---|---|
| 003 | OSt | ||
| 005 | 20151217150707.0 | ||
| 008 | 151217b xxu||||| |||| 00| 0 eng d | ||
| 040 | _cRUA | ||
| 082 | _aAED UCH 2006 B221 Or.1 | ||
| 100 |
_95038 _aUCH SOPHEAP; អ៊ុច សុភាព |
||
| 245 | _aThe impact of pesticide ues on health and environment of vegetable farmers at kien svay district, kandal province, ការសិក្សាពីផលប៉ះពាល់នៃការប្រើប្រាស់ថ្នំាពុលកសិកម្មទៅលើសុខភាព និងបរិស្ថានរបស់កសិករដំាបន្លែនៅស្រុកកៀនស្វាយ ខេត្តកណ្ដាល. | ||
| 260 |
_aPhnom Penh _bRUA _c2006 |
||
| 300 |
_axi;52p. _bill. _c29cm. |
||
| 942 |
_2ddc _cAED |
||
| 999 |
_c4687 _d4687 |
||